Регионална библиотека "Любен Каравелов" - Русе

Краят е моето начало (Запис номер 372443)

MARC детайли
000 -Лидер
Лидер 01505nam a2200325 a 4500
003 - Код на организацията, давaща контролен номер
Код на организацията, даваща контролен номер BLK
005 - Дата и час на последна редакция
Дата и час на последна редакция 20250613093459.0
008 - Елементи от данни с фиксирана дължина
Елементи с фиксирана дължина 180410b bul|||||r ||||||| ||bul||
010 ## - Наследен системен номер
LC control number KNG00153279000
020 ## - Международен стандартен номер на книга ISBN
ISBN 9786191952120
040 ## - Източник на каталожния запис
Код на библиотеката BLK
041 ## - Код за език
Език Български
Език за КДБФ Български
080 ## - УДК
УДК текст Италианска литература
УДК код 821.131.1
УДК – определител -94
УДК – код + определител 821.131.1-94
100 1# - Редна дума - Автор
Автор Терцани, Тициано
R(LIN) 128706
245 10 - Сведения за заглавието
Заглавие Краят е моето начало
Подзаглавни данни Един баща разказва на сина си голямото пътешествие из живота
Авторска отговорност Тициано Терцани, Фолко Терцани ; прев. от итал. Пенка Манолова
257 ## - Страна на издаване
Страна на създаване/издаване Италия
260 ## - Област на издателските данни
Място на издаване София
Име на издателя Книгомания
Година на издаване 2019
Печатница Костинброд : Мултипринт ООД
9 (RLIN) 214104
Издателство - префикс ISBN 978-619-195- ; 978-954-8432- ; 978-954-9817- ; 954-90578-
300 ## - Физическа характеристика
Брой страници 376 с.
Размер 23 см
Илюстрации с ил.
380 ## - Жанр
Жанр Худож. лит.
500 ## - Общи забележки
Обща забележка Ориг. загл.: La fine è il mio inizio / Tiziano Terzani, Folco Terzani<br/>Биогр. данни за авт. отбелязани на 2-ра кор.
700 ## - Други автори (авторска отговорност)
Друг автор Манолова, Пенка
Авт. отговорност на др. автор прев. от итал.
9 (RLIN) 417122
700 ## - Други автори (авторска отговорност)
Друг автор Терцани, Фолко
9 (RLIN) 417124
852 ## - Местоположение
Сигнатура (форматна) Цб 300276
Отдел Хранилище
852 ## - Местоположение
Отдел Заемна - подръчен фонд
Систематично-азбучна сигнатура 821-9/Т 53 Т
856 4# - Електронен адрес и достъп
Електронен формат pdf - файл
856 4# - Електронен адрес и достъп
Електронен формат pdf - файл
942 ## - АРТИКУЛИ
Вид на библиотечния документ Книги
Скрит в OPAC Не
Koha issues (borrowed), all copies 1
944 ## - СЪЗДАВАНЕ И РЕДАКЦИЯ на ЗАПИСА
Дата на регистрацията/редакция 2025
Служител, извършил регистрацията/редакцията 30542
Номер на служител Русанова Ирена
999 ## - СИСТЕМНИ КОНТРОЛНИ НОМЕРА
Koha biblionumber 372443
Koha biblioitemnumber 372443
Наличности
Код за отписване Код за изгубен артикул Източник на класификационната схема Код за повреда Коз за рестрикции Код за отдаване Артикулен № Име на библиотеката - собственик Име на библиотеката, в която се намира в момента Статус (Текущо местоположение) Дата на вписване в системата Местоположение - отдел Цена в лева Инвентарен номер Систематично азбучна сигнатура Баркод Цена в евро Служебен тип на артикула
  Не е изгубен Universal Decimal Classification Не е повреден само за читалня ползва се в читалня 781317 Регионална библиотека "Любен Каравелов" Русе Регионална библиотека "Любен Каравелов" Русе Хранилище 2020-07-06 Хранилище 16.90 120000845183 Цб 300276 120000845183 8.64 Книги
  Не е изгубен Universal Decimal Classification Не е повреден   заемане за дома 974382 Регионална библиотека "Любен Каравелов" Русе Регионална библиотека "Любен Каравелов" Русе Заемна - подръчен фонд 2025-06-04 Заемна - подръчен фонд 16.90 120000919933 821-9/Т 53 Т 120000919933 8.64 Книги
Vip Innovations Ltd, Rousse, Bulgaria 2025